APEC Schools

The World's most mysterious places / (Record no. 7337)

000 -LEADER
fixed length control field nam a22 7a 4500
005 - DATE AND TIME OF LATEST TRANSACTION
control field 20190522051625.0
008 - FIXED-LENGTH DATA ELEMENTS--GENERAL INFORMATION
fixed length control field 190522b xxu||||| |||| 00| 0 eng d
020 ## - IDENTIFIER FOR THE MANIFESTATION
Identifier for the Manifestation 0276422171
Binding hard bound
040 ## - CATALOGING SOURCE
Language of Cataloging eng
Transcribing Agency APEC Schools Library
Description Conventions rda
082 ## - DEWEY DECIMAL CLASSIFICATION NUMBER
Classification number C 001.94
Author's Number W893 2003
100 ## - CREATOR
Preferred Name of the Person Healey, Tim
245 ## - TITLE AND STATEMENT OF RESPONSIBILITY
Preferred Title Proper The World's most mysterious places /
Statement of Responsibility/Parallel Statement of Responsibility Tim Healey
264 ## - PUBLICATION STATEMENT
Place of publication, distribution, etc London :
Publisher's Name/Parallel Publisher's Name Reader's Digest Association Ltd.,
Copyright ©2003.
300 ## - PHYSICAL DESCRIPTION
Extent 160 pages :
Illustrative Content colored illustrations ;
Dimensions 32 cm
336 ## - RDA CONTENT
Source rdacontent
Content Type text
337 ## - RDA MEDIA
Source rdamedia
Media Type unmediated
338 ## - RDA CARRIER
Source rdacarrier
Carrier Type volume
504 ## - BIBLIOGRAPHY, ETC. NOTE
Bibliography, etc Includes index.
650 ## - ADDED SUBJECT ACCESS POINT - TOPICAL TERM
Topical Term Curiosities and wonders.
942 ## - ADDED ENTRY ELEMENTS (KOHA)
Source of Classification
Koha Item Type Non Fiction
Holdings
Library Site Location Shelving Location Source of Acquisition Full Classification Number Accession Number Koha Item Type
APEC Muntinlupa Library APEC Muntinlupa Library Circulation Institutional Fund C 001.94 W893 2003 B01-0000315 Non Fiction

Powered by Koha